000 00833nam a22002537a 4500
005 20130509152905.0
008 130509b xxu||||| |||| 00| 0 eng d
010 _aB-500395-400
020 _cPD, 490.00, Rs. 40052.60
_a9781857436372
035 _aB-500395-400
037 _bKKP/Ven
040 _adpl
_bEnglish
082 _a920.01
245 _aThe International who's who 2013 /
246 _awho's who
250 _a76th Ed.
260 _aLondon
_bRoutledge
_c2012
270 _aRoutledge
_bLondon
300 _a2428p.
_c28cm (Hb)
700 _aBhushan, Ravi
710 _aIndian Institute of Research in Numismatic Studies.
942 _2ddc
_cEN
_m920.01INT
999 _c75364
_d75364